Delitos contra la Integridad Sexual

Detalles Bibliográficos
Autor principal: Bevaqua, Alejandro A.
Formato: eBook
Lenguaje:español
Publicado: La Plata : Editorial Scotti Libros, 2011
Materias:
Acceso en línea:http://www.vlex.com/source/6738

MARC

LEADER 00000nam a22000007a 4500
005 20130218145826.0
007 cr|||| ||||
008 130218e2011 ag |||||s|||| 00| 0 spa d
020 |a 9879086716 
035 |a 6738 
040 |a vLex 
090 |c 3670  |d 3670 
100 1 0 |a Bevaqua, Alejandro A. 
245 1 0 |a Delitos contra la Integridad Sexual  |h [Recurso electrn̤ico]  
256 |a Servicio en ln̕ea 
260 |a La Plata :  |b Editorial Scotti Libros,   |c 2011 
300 |a 1 Recurso electrn̤ico 
650 0 4 |a Derecho penal 
650 0 4 |a Delitos contra las personas 
740 |a vLex Libros (Servicio en ln̕ea) 
856 |a Acceso restringido  |u http://www.vlex.com/source/6738 
942 |c BOOK 
999 0 |b Penal law